Lịch sử kinh tế các nước ( ngoài Liên-xô ); T1 Thời đại phong kiến

Gardado en:
Detalles Bibliográficos
Autor Principal: F Ia Polianski
Formato: Libro
Idioma:Undetermined
Publicado: Hà Nội KHXH 1978
Những chủ đề:
Các nhãn: Engadir etiqueta
Sen Etiquetas, Sexa o primeiro en etiquetar este rexistro!
Thư viện lưu trữ: Trung tâm Học liệu Trường Đại học Cần Thơ
LEADER 00658nam a2200193Ia 4500
001 CTU_5339
008 210402s9999 xx 000 0 und d
082 |a 330.9 
082 |b P766/T1 
100 |a F Ia Polianski 
245 0 |a Lịch sử kinh tế các nước ( ngoài Liên-xô ); T1 
245 0 |b Thời đại phong kiến 
245 0 |c F Ia Polianski, Trương Hữu Quýnh, Lương Ninh 
260 |a Hà Nội 
260 |b KHXH 
260 |c 1978 
650 |a economic geography,economics - history - feudalism 
904 |i Nguyễn Quang Điền, 960713 
980 |a Trung tâm Học liệu Trường Đại học Cần Thơ